<?xml version="1.0" encoding="UTF-8"?>
<record
    xmlns:xsi="http://www.w3.org/2001/XMLSchema-instance"
    xsi:schemaLocation="http://www.loc.gov/MARC21/slim http://www.loc.gov/standards/marcxml/schema/MARC21slim.xsd"
    xmlns="http://www.loc.gov/MARC21/slim">

  <leader>02724cam a22002775a 4500</leader>
  <controlfield tag="001">17208283</controlfield>
  <controlfield tag="003">OSt</controlfield>
  <controlfield tag="005">20151117121210.0</controlfield>
  <controlfield tag="008">120313t2012    njua   frb    001 0 eng d</controlfield>
  <datafield tag="020" ind1=" " ind2=" ">
    <subfield code="a">9781118065525 (hardback)</subfield>
  </datafield>
  <datafield tag="020" ind1=" " ind2=" ">
    <subfield code="a">1118065522 (hardback)</subfield>
  </datafield>
  <datafield tag="040" ind1=" " ind2=" ">
    <subfield code="a">DLC</subfield>
    <subfield code="b">eng</subfield>
    <subfield code="c">DLC</subfield>
    <subfield code="d">YDX</subfield>
    <subfield code="d">BTCTA</subfield>
    <subfield code="d">YDXCP</subfield>
    <subfield code="d">VP@</subfield>
    <subfield code="d">IK2</subfield>
    <subfield code="d">BWX</subfield>
    <subfield code="d">EG-ScBUE</subfield>
  </datafield>
  <datafield tag="082" ind1="0" ind2="4">
    <subfield code="a">332.64524</subfield>
    <subfield code="2">22</subfield>
    <subfield code="b">AHU</subfield>
  </datafield>
  <datafield tag="100" ind1="1" ind2=" ">
    <subfield code="a">Ahuja, Maneet,</subfield>
    <subfield code="d">1984-</subfield>
    <subfield code="9">38763</subfield>
  </datafield>
  <datafield tag="245" ind1="1" ind2="4">
    <subfield code="a">The alpha masters :</subfield>
    <subfield code="b">unlocking the genius of the world's top hedge funds /</subfield>
    <subfield code="c">Maneet Ahuja.</subfield>
  </datafield>
  <datafield tag="260" ind1=" " ind2=" ">
    <subfield code="a">Hoboken :</subfield>
    <subfield code="b">John Wiley &amp; Sons,</subfield>
    <subfield code="c">c.2012.</subfield>
  </datafield>
  <datafield tag="300" ind1=" " ind2=" ">
    <subfield code="a">xxv, 245 p. :</subfield>
    <subfield code="b">ill. ;</subfield>
    <subfield code="c">24 cm.</subfield>
  </datafield>
  <datafield tag="500" ind1=" " ind2=" ">
    <subfield code="a">Index : p. 241-245.</subfield>
  </datafield>
  <datafield tag="504" ind1=" " ind2=" ">
    <subfield code="a">Bibliography : p. 225-235.</subfield>
  </datafield>
  <datafield tag="520" ind1=" " ind2=" ">
    <subfield code="a">"The ultimate behind-the-curtain look at the hedge fund industry, unlocking the most valuable stories, secrets, and lessons directly from those who have played the game best.Written by Maneet Ahuja, the hedge fund industry insider, The Alpha Masters brings the secretive world of hedge funds into the light of day for the first time. As the authority that the biggest names in the business, including John Paulson, David Tepper, Bill Ackman, and David Einhorn, go to before breaking major news, Ahuja has access to the innermost workings of the hedge fund industry. For the first time, in Alpha Masters, Ahuja provides both institutional and savvy private investors with tangible, analytical insight into the psychology of the trade, the strategies and investment criteria serious money managers use to determine and evaluate their positions, and special guidance on how the reader can replicate this success themselves.There are few people with access to the inner chambers of the hedge fund industry, and as a result it remains practically uncharted financial territory. Alpha Masters changes all that, shedding light on star fund managers and how exactly they consistently outperform the market. The book: Contains easy-to-follow chapters that are broken down by strategy--Long/Short, Event Arbitrage, Value, Macro, Distressed, Quantitative, Commodities, Activist, pure Short, Fund of Funds. Includes insights from the biggest names in the trading game, including Ray Dalio, David Shaw, Marc Lasry, Jim Chanos, Sonia Gardner, Pierre Lagrange, and Tim Wong. Features contributions from industry icons Mohamed El-Erian and Myron Scholes. Many of the subjects profiled in this groundbreaking new book have never spoken so candidly about their field, providing extremely provocative, newsworthy analysis of today's investing landscape"--</subfield>
  </datafield>
  <datafield tag="650" ind1=" " ind2="0">
    <subfield code="a">Hedge funds.</subfield>
    <subfield code="2">BUEsh</subfield>
  </datafield>
  <datafield tag="650" ind1=" " ind2="7">
    <subfield code="a">Investment advisors.</subfield>
    <subfield code="2">BUEsh</subfield>
    <subfield code="9">36917</subfield>
  </datafield>
  <datafield tag="651" ind1=" " ind2=" ">
    <subfield code="2">BUEsh</subfield>
  </datafield>
  <datafield tag="653" ind1=" " ind2=" ">
    <subfield code="b">BUSADM</subfield>
    <subfield code="c">August2015</subfield>
    <subfield code="c">November2015</subfield>
  </datafield>
  <datafield tag="942" ind1=" " ind2=" ">
    <subfield code="2">ddc</subfield>
  </datafield>
  <datafield tag="999" ind1=" " ind2=" ">
    <subfield code="c">20695</subfield>
    <subfield code="d">20667</subfield>
  </datafield>
  <datafield tag="952" ind1=" " ind2=" ">
    <subfield code="0">0</subfield>
    <subfield code="1">0</subfield>
    <subfield code="2">ddc</subfield>
    <subfield code="4">0</subfield>
    <subfield code="7">0</subfield>
    <subfield code="8">Baccah</subfield>
    <subfield code="a">MAIN</subfield>
    <subfield code="b">MAIN</subfield>
    <subfield code="c">1ST</subfield>
    <subfield code="d">2015-08-24</subfield>
    <subfield code="e">Purchase</subfield>
    <subfield code="g">200.00</subfield>
    <subfield code="h">23317</subfield>
    <subfield code="l">0</subfield>
    <subfield code="o">332.64524 AHU</subfield>
    <subfield code="p">000039737</subfield>
    <subfield code="r">2025-07-15 00:00:00</subfield>
    <subfield code="v">250.00</subfield>
    <subfield code="y">BB</subfield>
  </datafield>
</record>
